000
00747cam a2200325ua 4500
041
_a
eng
_h
082
_a
631.4
_b
GOP/SO
100
_a
Gopalaswamy, V .
245
_a
Soil forming factors /
_c
V Gopalaswamy.
_h
Textual Documents
260
_a
:
_b
Gopalaswamy V ,
_c
1983.
300
_a
13 ; .
504
_a
942
_c
BK
999
_c
959
_d
959